ბათუმის შოთა რუსთაველის სახელმწიფო უნივერსიტეტის ბიბლიოთეკა

ასჯერ გაზომე (ბიბ.ჩანაწერი № 50225)

000 -LEADER
fixed length control field 00857nam a2200229Ia 4500
001 - CONTROL NUMBER
control field 17163
003 - CONTROL NUMBER IDENTIFIER
control field GE_BSU
008 - FIXED-LENGTH DATA ELEMENTS--GENERAL INFORMATION
fixed length control field 181216s||||||||xx |||||||||||||| ||und||
040 ## - CATALOGING SOURCE
Transcribing agency GE_BSU
080 ## - UNIVERSAL DECIMAL CLASSIFICATION NUMBER
Universal Decimal Classification number 087.5:330.1 + 330.1(075.3)
100 ## - MAIN ENTRY--PERSONAL NAME
Personal name სტოროჟენკო, ვ.
245 ## - TITLE STATEMENT
Title ასჯერ გაზომე
245 ## - TITLE STATEMENT
Remainder of title ეკონომიკა როგორც მეცნიერება. საშ. სკოლის მოსწავლეთათვის
245 ## - TITLE STATEMENT
Statement of responsibility, etc. რუს. თარგმნა ც. ჩხაიძემ. რედ. ნ. გოგოძე
260 ## - PUBLICATION, DISTRIBUTION, ETC.
Place of publication, distribution, etc. თბილისი
260 ## - PUBLICATION, DISTRIBUTION, ETC.
Name of publisher, distributor, etc. ნაკადული
260 ## - PUBLICATION, DISTRIBUTION, ETC.
Date of publication, distribution, etc. 1972
300 ## - PHYSICAL DESCRIPTION
Extent 123გვ. : ილ. ; 20სმ
653 ## - INDEX TERM--UNCONTROLLED
Uncontrolled term ასჯერ გაზომე
653 ## - INDEX TERM--UNCONTROLLED
Uncontrolled term ეკონომიკა
942 ## - ADDED ENTRY ELEMENTS (KOHA)
Koha item type წიგნი
ეგზემპლარები
Withdrawn status Lost status Damaged status Not for loan Date acquired Barcode Date last seen Price effective from Koha item type
        2018-12-17 21507 2018-12-17 2018-12-17 წიგნი
        2018-12-17 21522 2018-12-17 2018-12-17 წიგნი